书目信息 |
| 题名: |
建筑工程施工技术
|
|
| 作者: | 王丽梅 , 任粟 , 邓明栩 主编 | |
| 分册: | ||
| 出版信息: | 成都 西南交通大学出版社 2015.09 |
|
| 页数: | 273页 | |
| 开本: | 26cm | |
| 丛书名: | 高等职业技术院校房地产类规划教材 | |
| 单 册: | ||
| 中图分类: | TU74 | |
| 科图分类: | ||
| 主题词: | 建筑工程--jian zhu gong cheng--工程施工--高等职业教育--教材 | |
| 电子资源: | ||
| ISBN: | 978-7-5643-4224-1 | |
| 000 | 01375nam 2200325 450 | |
| 001 | 0100195248 | |
| 005 | 20201118151608.16 | |
| 010 | @a978-7-5643-4224-1@dCNY35.00 | |
| 100 | @a20160115d2015 em y0chiy50 ea | |
| 101 | 0 | @achi |
| 102 | @aCN@b510000 | |
| 105 | @aak a 000yy | |
| 106 | @ar | |
| 200 | 1 | @a建筑工程施工技术@Ajian zhu gong cheng shi gong ji shu@f王丽梅, 任粟, 邓明栩主编@Fwang li mei , ren su , den ming xu zhu bian |
| 210 | @a成都@c西南交通大学出版社@d2015.09 | |
| 215 | @a273页@c图@d26cm | |
| 225 | 2 | @a高等职业技术院校房地产类规划教材@Agao deng zhi ye ji shu yuan xiao fang di chan lei gui hua jiao cai |
| 320 | @a有书目 (第272-273页) | |
| 330 | @a本书以新颁布的施工验收规范的分部分项工程划分为主线, 重点突出主要分部分项工程的施工工艺流程和施工验收标准两大内容, 其中施工工艺流程包括施工准备、工序流程及操作要点、常见质量通病预防等主要内容, 施工验收方法包括材料取样方法和施工验收规范的相关内容。 | |
| 410 | 0 | @12001 @a高等职业技术院校房地产类规划教材 |
| 540 | @a建筑工程施工技术 | |
| 606 | 0 | @a建筑工程@Ajian zhu gong cheng@x工程施工@x高等职业教育@j教材 |
| 690 | @aTU74@v5 | |
| 701 | 0 | @a王丽梅@Awang li mei@c(建筑工程)@4主编 |
| 701 | 0 | @a任粟@Aren su@c(建筑工程)@4主编 |
| 701 | 0 | @a邓明栩@Aden ming xu@c(建筑工程)@4主编 |
| 801 | @aCN | |
| 803 | @a高职 | |
| 901 | @a22 | |
| 905 | @a河南城建学院图书馆@b1294736-8@dTU74@eW254@f3 | |
| 建筑工程施工技术/王丽梅, 任粟, 邓明栩主编.-成都:西南交通大学出版社,2015.09 |
| 273页:图;26cm.-(高等职业技术院校房地产类规划教材) |
| ISBN 978-7-5643-4224-1:CNY35.00 |
| 本书以新颁布的施工验收规范的分部分项工程划分为主线, 重点突出主要分部分项工程的施工工艺流程和施工验收标准两大内容, 其中施工工艺流程包括施工准备、工序流程及操作要点、常见质量通病预防等主要内容, 施工验收方法包括材料取样方法和施工验收规范的相关内容。 |
| ● |
| 相关链接 |
|
|
|
正题名:建筑工程施工技术
索取号:TU74/W254
 
预约/预借
| 序号 | 登录号 | 条形码 | 馆藏地/架位号 | 状态 | 备注 |
| 1 | 1294736 | 212947360 | 建筑库201/201建筑库 108排1列1层/ [索取号:TU74/W254] | 在馆 | |
| 2 | 1294737 | 212947377 | 建筑库201/201建筑库 108排1列1层/ [索取号:TU74/W254] | 在馆 | |
| 3 | 1294738 | 212947384 | 建筑库201/201建筑库 108排1列1层/ [索取号:TU74/W254] | 在馆 |